Curso de derecho civil
Saved in:
| Hovedforfatter: | |
|---|---|
| Format: | Bog |
| Sprog: | spansk |
| Udgivet: |
Santiago
Jurídica de Chile
1975
|
| Udgivelse: | 1a. ed |
| Serier: | Manuales Jurídicos, 65-66
|
| Fag: | |
| Tags: |
Tilføj Tag
Ingen Tags, Vær først til at tagge denne postø!
|
MARC
| LEADER | 00000cam a2200000 a 4500 | ||
|---|---|---|---|
| 001 | UCV2080 | ||
| 003 | CL-VaPUC | ||
| 008 | 911010e19750000CL |||||||||||||||||spa|d | ||
| 020 | |a 9561010976v.1 | ||
| 020 | |a 9561010984v.2 | ||
| 082 | 0 | 4 | |a 346.83 |b FIG |2 21 |
| 100 | |a Figueroa Yáñez, Gonzalo |e autor |9 296658 | ||
| 245 | 1 | 0 | |a Curso de derecho civil |
| 250 | |a 1a. ed | ||
| 300 | |a 2 v | ||
| 942 | |c BK | ||
| 945 | |d 19911010 00:00:00 | ||
| 260 | |a Santiago |b Jurídica de Chile |c 1975 | ||
| 500 | |a v.1: Materiales para clases activas. Derecho civil en general. Teoría de la ley. Los derechos subjetivos | ||
| 500 | |a v.2: Teoría de los actos jurídicos | ||
| 650 | 0 | |a Derecho civil |9 255013 | |
| 651 | 7 | |a CHILE |2 CL-VaPUC |9 296308 | |
| 583 | |a last modification |c 20160714 12:20:07 |k Rodrigo Vera | ||
| 490 | 0 | |a Manuales Jurídicos, 65-66 | |
| 999 | |c 209766 |d 209764 | ||
| 952 | |0 0 |1 0 |4 0 |6 346_830000000000000_FIG_1975 |7 0 |8 A |9 185502 |a BIBDER |b BIBDER |d 2019-11-14 |h v.1 |i 2529874 |o 346.83 FIG 1975 |p 2529874 |r 2023-01-25 |w 2019-11-14 |y BK |k DER | ||
| 952 | |0 0 |1 0 |4 0 |6 346_830000000000000_FIG_1975 |7 0 |8 A |9 185503 |a BIBDER |b BIBDER |d 2019-11-14 |h v.2 |i 2529882 |o 346.83 FIG 1975 |p 2529882 |r 2023-01-25 |w 2019-11-14 |y BK |k DER | ||